Золото- и серебросодержащие катализаторы жидкофазного окисления бетулина: диссертация на соискание ученой степени кандидата химических наук; спец. 1.4.4
| Hoofdauteur: | |
|---|---|
| Coauteur: | |
| Andere auteurs: | |
| Samenvatting: | Заглавие с титульного экрана Электронная версия печатной публикации Защита сост. 26.12.2022 |
| Taal: | Russisch |
| Gepubliceerd in: |
Томск, 2022
|
| Onderwerpen: | |
| Online toegang: | http://earchive.tpu.ru/handle/11683/73694 |
| Formaat: | Elektronisch Boek |
| KOHA link: | https://koha.lib.tpu.ru/cgi-bin/koha/opac-detail.pl?biblionumber=371544 |
MARC
| LEADER | 00000nlm0a2200000 4500 | ||
|---|---|---|---|
| 001 | 371544 | ||
| 005 | 20250121133153.0 | ||
| 035 | |a (RuTPU)RU\TPU\retro\28954 | ||
| 035 | |a RU\TPU\retro\28952 | ||
| 090 | |a 371544 | ||
| 100 | |a 20221026d2022 k y0rusy50 ca | ||
| 101 | 0 | |a rus | |
| 102 | |a RU | ||
| 105 | |a a m 000zy | ||
| 135 | |a drcn ---uucaa | ||
| 181 | 0 | |a i | |
| 182 | 0 | |a b | |
| 200 | 1 | |a Золото- и серебросодержащие катализаторы жидкофазного окисления бетулина |e диссертация на соискание ученой степени кандидата химических наук |e спец. 1.4.4 |f А. Р. Григорьева |g Национальный исследовательский Томский политехнический университет ; науч. рук. А. Н. Пестряков | |
| 203 | |a Текст |c электронный | ||
| 210 | |a Томск |d 2022 | ||
| 215 | |a 1 файл (7 243 КБ) | ||
| 300 | |a Заглавие с титульного экрана | ||
| 300 | |a Электронная версия печатной публикации | ||
| 300 | |a Защита сост. 26.12.2022 | ||
| 606 | 1 | |a Катализаторы окисные |2 stltpush |3 (RuTPU)RU\TPU\subj\14069 |9 40547 | |
| 606 | 1 | |a Бетулин |2 stltpush |3 (RuTPU)RU\TPU\subj\80819 |9 88381 | |
| 610 | 1 | |a электронный ресурс | |
| 610 | 1 | |a диссертации | |
| 610 | 1 | |a труды учёных ТПУ | |
| 610 | 1 | |a золотосодержащие катализаторы | |
| 610 | 1 | |a серебросодержащие катализаторы | |
| 610 | 1 | |a жидкофазное окисление | |
| 610 | 1 | |a бетулин | |
| 610 | 1 | |a биологическая активность | |
| 610 | 1 | |a экстрактивные вещества | |
| 610 | 1 | |a субстраты | |
| 610 | 1 | |a экстракция | |
| 610 | 1 | |a растительное сырье | |
| 610 | 1 | |a каталитические свойства | |
| 610 | 1 | |a дезактивация | |
| 610 | 1 | |a физико-химические свойства | |
| 610 | 1 | |a наночастицы | |
| 610 | 1 | |a природные соединения | |
| 610 | 1 | |a микробиологические методы | |
| 610 | 1 | |a каталитические методы | |
| 675 | |a 544.478(04) |v 4 | ||
| 675 | |a 615.32(04) |v 3 | ||
| 686 | |a 02.00.04 |2 oksvnk | ||
| 700 | 1 | |a Григорьева |b А. Р. |c специалист в области медицинских технологий |c инженер Томского политехнического университета |f 1995- |g Анна Романовна |3 (RuTPU)RU\TPU\pers\46594 | |
| 702 | 1 | |a Пестряков |b А. Н. |c химик |c профессор Томского политехнического университета, доктор химических наук |f 1963- |g Алексей Николаевич |3 (RuTPU)RU\TPU\pers\27694 |4 727 |9 12768 | |
| 712 | 0 | 2 | |a Национальный исследовательский Томский политехнический университет |c (2009- ) |b Исследовательская школа химических и биомедицинских технологий |b Лаборатория "Химическая инженерия и молекулярный дизайн" |9 26305 |
| 801 | 2 | |a RU |b 63413507 |c 20221220 |g RCR | |
| 856 | 4 | |u http://earchive.tpu.ru/handle/11683/73694 | |
| 942 | |c CF | ||